| 000 | 01242cam a22002535a 4500 | ||
|---|---|---|---|
| 001 | L158298 | ||
| 008 | 141201s2014 xxk f 000 0 eng d | ||
| 035 | _a(Sirsi) u158298 | ||
| 041 | 0 | _aeng | |
| 110 | 2 |
_aInvestment Property Forum _92112 |
|
| 245 | 0 | 0 |
_aProtocol _bOpen market investment agency _h[electronic resource] |
| 260 |
_aLondon _vInvestment Property Forum _c2014 |
||
| 520 | _aSets guidance on good practice relating to open market property investment sales and acquisitions. The Protocol aims to avoid potential conflicts of interest by ensuring principles of transparency and honesty between parties at all times. The Protocol accords with RICS ethical standards and the RICS Real estate agency and brokerage guidance, 2nd edition, which contains mandatory equirements for RICS Members and RICS Regulated Firms. | ||
| 590 | _aKA | ||
| 650 | 2 | 4 | _aCONFLICT OF INTEREST |
| 650 | 2 | 4 | _aTRANSPARENCY |
| 650 | 2 | 4 | _aETHICS |
| 650 | 2 | 4 | _aRICS |
| 651 | 4 |
_aUnited Kingdom _y |
|
| 690 |
_aInvestments _96250 |
||
| 690 | _aBusiness and management | ||
| 856 | 4 | 0 |
_uhttps://www.ipf.org.uk/MainWebSite/Resources/Document/Protocol%20final%2026.11.2014.doc.pdf _zView the item free of charge from thewww.ipf.org.uk website. |
| 942 | _n0 | ||
| 999 |
_c115253 _d115253 |
||